| 000 | 00957cam a22003137a 4500 | ||
|---|---|---|---|
| 003 | CHAP | ||
| 005 | 20220329141802.0 | ||
| 008 | 971013s1914 r 00010 d | ||
| 010 | _a73783 | ||
| 011 | _a74755 | ||
| 035 | _a84314 | ||
| 040 | _cCHAP | ||
| 082 |
_a664.1 _bH3 |
||
| 100 | 0 | 0 |
_aHarloff, W. H. _952749 |
| 245 | 1 | 3 | _aLa fabricación de azúcar blanco en los ingenios |
| 260 |
_aLondres : _bNorman Rodger, _c1914 |
||
| 300 | _a134 p. | ||
| 590 |
_aBATCH-UPD _b10 _c20130110 _lUCH01 _h0045 |
||
| 590 |
_aBATCH-UPD _b10 _c20130110 _lUCH01 _h2133 |
||
| 590 |
_aBATCH-UPD _b10 _c20130409 _lUCH01 _h2031 |
||
| 590 |
_aBATCH-UPD _b10 _c20130914 _lUCH01 _h0511 |
||
| 590 |
_aCONVERSION _b10 _c20130109 _lUCH01 _h1340 |
||
| 650 | 1 | 4 |
_aAzúcar _xFabricación y refinación. _99152 |
| 650 | 1 | 4 |
_aIngenios azucareros. _958308 |
| 700 | 0 |
_aSchmidt, Hanna. _9103052 |
|
| 901 | _aBK | ||
| 942 | _cLIBRO | ||
| 949 |
_a664.1 H3 _bBC _cBPP _d-153330 _eBPP _h67530 _i84314 _si |
||
| 999 |
_c73783 _d73783 |
||